000 01086nam a2200289 a 4500
001 000025999
005 20250924073802.0
008 110225s2004 dr c 000 0 spa d
020 _a9993477613
040 _aDO-SdBNP
_bspa
_cBNPHU
082 _a923.57293
_bG633g
100 1 _aGuerrero, Daniel
_952897
245 1 0 _aMáximo Gómez en tiempo presente /
_cDaniel Guerrero.
260 _aSanto Domingo :
_bUASD,
_c2004.
300 _a223 p. :
_bretrs. ;
_c21 cm.
490 1 _aPublicaciones de la Universidad Autónoma de Santo Domingo
_v1109
490 1 _aHistoria y sociedad
_v109
504 _aBibliografía: p. 217-223
600 1 0 _aGómez, Máximo,
_d1836-1905
_912249
650 4 _aCuba
_xHistoria
_yGUERRA DE LOS DIEZ AÑOS, 1868-1878
_952898
651 4 _aCuba
_xHistoria
_yGUERRA DE INDEPENDENCIA, 1895-1898
_911019
710 1 _aUniversidad Autónoma de Santo Domingo
_972951
830 _aPublicaciones de la Universidad Autónoma de Santo Domingo
_v1109
_952
830 0 _aHistoria y sociedad
_v109
_913749
910 _aValidado. Control de calidad BNPHU
049 _aBNPD
999 _c25491
_d25491